Mise en scène et coordination de l'intimité : Guide pratique pour le théâtre et pour le cinéma (notice n° 1938483)

détails MARC
000 -LEADER
fixed length control field 01658cam a2200133 4500500
005 - DATE AND TIME OF LATEST TRANSACTION
control field 20260329025525.0
041 ## - LANGUAGE CODE
Language code of text/sound track or separate title fre
042 ## - AUTHENTICATION CODE
Authentication code dc
100 10 - MAIN ENTRY--PERSONAL NAME
Personal name Zekri, Rachel
Relator term author
245 00 - TITLE STATEMENT
Title Mise en scène et coordination de l'intimité : Guide pratique pour le théâtre et pour le cinéma
260 ## - PUBLICATION, DISTRIBUTION, ETC.
Name of publisher, distributor, etc. Armand Colin,<br/>
Date of publication, distribution, etc. 2025.<br/>
520 ## - SUMMARY, ETC.
Summary, etc. A la suite du mouvement #MeToo et des scandales liés à la mise en scène de l’intime au cinéma, la révolution des pratiques liées à l’intime dans les arts du spectacle (cinéma, audiovisuel, théâtre…) est devenue impérative. Mais si l’évolution des mentalités progresse à grands pas, rares sont les outils pratiques répondant aux problématiques concrètes que les professionnels rencontrent dans leur quotidien.Comment chorégraphier un baiser ou une scène d’intimité sexuelle&amp;#8239;? Quels sont les outils permettant de représenter la nudité en respectant les limites de chacun&amp;#8239;? Comment travailler avec des mineurs&amp;#8239;? Et, au-delà de la mise en scène en elle-même, comment s’assurer qu’un casting ou un lieu de représentation soit un espace sécurisé pour tous (LGBTQ+, personnes racisées…)&amp;#8239;?Résolument concret, ce petit guide a pour ambition de permettre aux professionnels comme aux étudiants de mieux repérer les problématiques requérant une attention spécifique, tout en y trouvant les outils pratiques assurant des pratiques fondées sur le consentement et le respect des limites de chacun.
856 41 - ELECTRONIC LOCATION AND ACCESS
Uniform Resource Identifier <a href="https://shs.cairn.info/mise-en-scene-et-coordination-de-l-intimite--9782200641283?lang=fr&redirect-ssocas=7080">https://shs.cairn.info/mise-en-scene-et-coordination-de-l-intimite--9782200641283?lang=fr&redirect-ssocas=7080</a>

Pas d'exemplaire disponible.

PLUDOC

PLUDOC est la plateforme unique et centralisée de gestion des bibliothèques physiques et numériques de Guinée administré par le CEDUST. Elle est la plus grande base de données de ressources documentaires pour les Étudiants, Enseignants chercheurs et Chercheurs de Guinée.

Adresse

627 919 101/664 919 101

25 boulevard du commerce
Kaloum, Conakry, Guinée

Réseaux sociaux

Powered by Netsen Group @ 2025